000 01373nmc a2200349 a 4500
003 AR-BaBNM
005 20251128203536.0
008 017019s1971 ||||||||||||||000 | spa||
040 _cAR-BaBNM
245 1 0 _aLa sociología en las profesiones
260 _aBuenos Aires
_bPaidós
_bCentro Regional de Ayuda Técnica
_c1971
300 0 _a231 p.
_btablas
490 0 _aBiblioteca de psicología y sociología aplicadas. Fundamental
_vv. 5
500 0 _aContiene referencias bibliográficas al final de cada capítulo
500 1 _aEsta publicación ha sido preparada conjuntamente por la editorial y el Centro Regional de Ayuda Técnica, Agencia para el Desarrollo Internacional A.I.D., Departamento de Estado del Gobierno de los Estados Unidos de América. El Centro es una organización d
650 4 _aSOCIOLOGIA OCUPACIONAL
650 4 _aPSICOLOGIA OCUPACIONAL
650 4 _aSOCIOLOGIA DE LA EDUCACION
650 4 _aBIENESTAR SOCIAL
650 4 _aPROFESIONES
700 1 _aLazarsfeld, Paul F.
700 1 _aSewell, William H.
700 1 _aWilensky, Harold L.
700 1 _aBressler, Marvin
_ecolaborador
700 1 _aGlazer, Nathan
_ecolaborador
700 1 _aHyman, Martin D.
700 1 _aMeyer, Henry J.
_ecolaborador
700 1 _aSmelser, Neil J.
_ecolaborador
700 1 _aVinter, Robert D.
_ecolaborador
942 _cBK
998 _cSILVI
999 _c3863
_d3863